000 00695nam a2200265Ia 4500
005 20260121170531.0
008 008 260114s9999 xx 000 0 eng d
020 _a9783319920078
037 _aEBOOK
040 _aCRL
040 _beng
040 _cCRL
041 _2eng
041 _aeng
084 _qCRL
100 _aLazaros Iliadis, Ilias Maglogiannis, Vassilis Plagianakos
_91065058
245 0 _aArtificial Intelligence Applications and Innovations
260 _bSpringer
260 _bSpringer
260 _c2018
856 _uhttps://link.springer.com/openurl?genre=book&isbn=978-3-319-92007-8
942 _cEBOOK
999 _c1630788
_d1630788